| 000 | 01832cas a2200445 a 4500 | ||
|---|---|---|---|
| 001 | 11402570 | ||
| 005 | 20081126050418.0 | ||
| 007 | t| | ||
| 008 | 920408d19921999nyubr p 0 a0eng d | ||
| 010 |
_a 92642706 _zsn 92025204 |
||
| 020 | _a9780080449654 | ||
| 030 | _aNMAEE7 | ||
| 035 | _a(OCoLC)ocm25608659 | ||
| 040 |
_aAU _cAU _dOUCA _dMH _dDLC _dNST _dMCM _dDLC _dNST _dWaU _dNSDP _dMCM _dGU _dMH _dCU-S _dWaU _dMH _dDNLM _dOCoLC _dNLGGC _dMiEM |
||
| 042 |
_alc _ansdp |
||
| 050 | 0 | 0 |
_aT174.7 _b.N36 |
| 082 | 0 | 0 |
_a620.11299 _220 _bNAN |
| 245 | 0 | 0 |
_aNanostructured materials / _cEdited by Gerhard Wilde. |
| 246 | 1 | 3 | _aNSM |
| 260 |
_aAmsterdam:: _bElsevier, _cc.2009. |
||
| 300 |
_a374p _bill. ; _c26 cm. |
||
| 362 | 1 | _aCeased publication in 1999? | |
| 500 | _aIncludes Index. | ||
| 580 | _aAbsorbed in part by: Acta materialia: and Scripta materialia. | ||
| 590 | _aSERBIB/SERLOC merged record | ||
| 650 | 0 |
_aNanotechnology _vPeriodicals. _93825 |
|
| 650 | 0 |
_aMetallography _vPeriodicals. _93826 |
|
| 650 | 0 |
_aMaterials _vPeriodicals. _93827 |
|
| 650 | 1 | 7 |
_aNanokristallijne materialen. _2gtt _93828 |
| 650 | 1 | 7 |
_aNanostructuren. _2gtt _93829 |
| 785 | 1 | 5 |
_tActa materialia _x1359-6454 _w(DLC) 96643329 _w(OCoLC)33966736 |
| 785 | 1 | 5 |
_tScripta materialia _x1359-6462 _w(DLC) 96660540 _w(OCoLC)33869183 |
| 787 | 1 |
_tActa metallurgica et materialia _g1992-1995 _x0956-7151 _w(DLC) 90648511 _w(OCoLC)21019048 |
|
| 787 | 1 |
_tScripta metallurgica et materialia _g1992-1995 _x0956-716X _w(DLC) 90643182 _w(OCoLC)21003869 |
|
| 942 |
_2ddc _cBB |
||
| 999 |
_c11326 _d11326 |
||